00291 2200121 4500001002100000008004100021035002000062245002000082100001800102260002500120084001400145650001000159INLIS000000000001014 ind  a0010-0325001010 aKado Ingat Mati aMansur, Yusuf bPT. KARYA KITAc2008 a297.MAN.M aAgama